000 00438nam a2200193Ia 4500
005 20240823031953.0
008 240823s9999||||xx |||||||||||||| ||und||
020 _a81-291-0095-9
041 _aENGLISH
082 _A813.54 Q0
100 _aBharati Mukherjee
245 0 _aDesirable Daughters A Novel
250 _a1st
260 _c2010
_bRupa
500 _aYES
650 _aDesirsble
_bGeneral
942 _cBK
999 _c192333
_d192333